| 000 | 00752nam a22002177a 4500 | ||
|---|---|---|---|
| 999 |
_c11112 _d11112 |
||
| 003 | AR-CdUCM | ||
| 008 | 190402b ||||| |||| 00| 0 spa d | ||
| 040 |
_aMUNICIPALIDAD PROVINCIAL DEL CUSCO _cBIBLIOTECA MUNICIPAL DEL CUSCO |
||
| 082 |
_a985 / _bB297 / 1947 |
||
| 100 |
_aBasadre, Jorge _9198 |
||
| 245 | _aMeditaciones sobre el destino histórico del Perú / | ||
| 260 |
_aLima : _bHuascarán, _c1947. |
||
| 300 |
_a233 páginas ; _c18 cm. |
||
| 500 | _aTapa de libro en mal estado. | ||
| 505 | _aContenido: La promesa de la vida peruana -- En torno a la enseñanza de la historia -- Ante el problema de las "Élites" ... | ||
| 650 |
_aPerú _935 |
||
| 650 |
_aHistoria _9136 |
||
| 650 |
_aSiglo XX _98 |
||
| 942 |
_2ddc _cLIBROS |
||
| 945 | _acmm | ||